100 things to know about planet earth / (Record no. 490)
[ view plain ]
| 000 -LEADER | |
|---|---|
| fixed length control field | 00769nam a22002537a 4500 |
| 005 - DATE AND TIME OF LATEST TRANSACTION | |
| control field | 20230428133522.0 |
| 020 ## - INTERNATIONAL STANDARD BOOK NUMBER | |
| International Standard Book Number | 9781474950626 |
| 040 ## - CATALOGING SOURCE | |
| Original cataloging agency | FISKH |
| Language of cataloging | eng |
| Modifying agency | FISKH |
| 050 ## - LIBRARY OF CONGRESS CALL NUMBER | |
| Classification number | M381 |
| 082 ## - DEWEY DECIMAL CLASSIFICATION NUMBER | |
| Classification number | 550 |
| 100 ## - MAIN ENTRY--PERSONAL NAME | |
| Personal name | Martin, Jerome |
| 245 ## - TITLE STATEMENT | |
| Title | 100 things to know about planet earth / |
| Statement of responsibility, etc. | Written by Jerome Martin, Darran Stobbart, Alice James and Tom Mumbray |
| 300 ## - PHYSICAL DESCRIPTION | |
| Extent | 119 pages : |
| Dimensions | 25 cm. |
| 505 ## - FORMATTED CONTENTS NOTE | |
| Formatted contents note | U |
| 520 ## - SUMMARY, ETC. | |
| Summary, etc. | Introduction to earth sciences is full of colorful illustrations and presented in an engaging format. |
| 521 ## - TARGET AUDIENCE NOTE | |
| Target audience note | 990 <br/> |
| Source | Lexile IQ |
| 521 ## - TARGET AUDIENCE NOTE | |
| Target audience note | U <br/> |
| Source | Raz-Plus |
| 700 ## - ADDED ENTRY--PERSONAL NAME | |
| Personal name | Stobbart, Darran |
| 700 ## - ADDED ENTRY--PERSONAL NAME | |
| Personal name | James, Alice |
| 700 ## - ADDED ENTRY--PERSONAL NAME | |
| Personal name | Mumbray, Tom |
| 942 ## - ADDED ENTRY ELEMENTS (KOHA) | |
| Source of classification or shelving scheme | Dewey Decimal Classification |
| Koha item type | Books |
| Suppress in OPAC | No |
| 999 ## - | |
| -- | 490 |
| -- | 490 |
| Withdrawn status | Lost status | Source of classification or shelving scheme | Damaged status | Not for loan | Collection | Home library | Current library | Shelving location | Date acquired | Total Checkouts | Full call number | Barcode | Date last seen | Date last checked out | Price effective from | Koha item type |
|---|---|---|---|---|---|---|---|---|---|---|---|---|---|---|---|---|
| Dewey Decimal Classification | Non-Fiction | Footprints International School Library Network Toul Kork Campus | Footprints International School Library Network Toul Kork Campus | 04/28/2023 | 7 | MAR 550 M381 | 2023-0086 | 02/11/2025 | 02/06/2025 | 04/28/2023 | Books |
